000 00716nam a2200265Ia 4500
003 OSt
005 20221005062420.0
006 a|||||r|||| 00| 0
007 ta
008 221004b |||||||| |||| 00| 0 eng d
020 _a0415325285
024 _a79774
037 _cTextual
040 _aCRL
_cCRL
_beng
041 _2eng
_aeng
082 _aV4.N9<--N5, P4
100 _aBerger Mark T
_9513648
245 0 _aBattle for Asia
_b From decolonization to globalization
260 _aLondon
_bRoutledgecurzon
_c2004
300 _a343p.
_ccm.
490 _aAsia's Transformations
650 _aHISTORY
942 _hV4.N9<--N5, P4
_cTEXL
_2cc
999 _c969648
_d969648